Geostatistics for environmental sciences

GS* is a geostatistical analysis program that allows you to readily measure and illustrate spatial relationships in geo-referenced data. GS* analyzes spatial data for autocorrelation and then uses this information to make optimal, statistically rigorous maps of the area sampled. The map can be creat...

पूर्ण विवरण

में बचाया:
ग्रंथसूची विवरण
स्वरूप: पुस्तक
भाषा:Undetermined
प्रकाशित: Michigan Gamma design software 2004
विषय:
टैग : टैग जोड़ें
कोई टैग नहीं, इस रिकॉर्ड को टैग करने वाले पहले व्यक्ति बनें!
Thư viện lưu trữ: Trung tâm Học liệu Trường Đại học Cần Thơ
LEADER 01018nam a2200181Ia 4500
001 CTU_156406
008 210402s9999 xx 000 0 und d
082 |a 550.72 
082 |b G346 
245 0 |a Geostatistics for environmental sciences 
260 |a Michigan 
260 |b Gamma design software 
260 |c 2004 
520 |a GS* is a geostatistical analysis program that allows you to readily measure and illustrate spatial relationships in geo-referenced data. GS* analyzes spatial data for autocorrelation and then uses this information to make optimal, statistically rigorous maps of the area sampled. The map can be created in GS* or in other mapping programs or geographic information systems,... 
650 |a Earth sciences,Environmental sciences,Khoa học trái đất,Khoa học môi trường 
650 |x Statistical methods,Statistical methods,Phương pháp thống kê,Phương pháp thống kê 
904 |i Năm 
980 |a Trung tâm Học liệu Trường Đại học Cần Thơ